| Tag |
First Indicator |
Second Indicator |
Subfields |
| LEADER |
00000cam a2200000 4500 |
| 001 |
in00000027570 |
| 005 |
20151007062643.0 |
| 008 |
750829s1934 nyu b 00010 eng |
| 010 |
|
|
|a 34004965
|
| 035 |
|
|
|a (OCoLC)01582005
|
| 035 |
|
|
|9 AAD5461AM
|
| 040 |
|
|
|a DLC
|c DZM
|d TXA
|d UtOrBLW
|
| 049 |
|
|
|a TXAM
|c [177699]
|
| 050 |
|
0 |
|a PN3355
|b .B7
|
| 082 |
0 |
|
|a 808.3
|a [029.6]
|
| 092 |
|
|
|a 808.3
|b B817b
|
| 100 |
1 |
|
|a Brande, Dorothea,
|d 1893-1948.
|
| 245 |
1 |
0 |
|a Becoming a writer /
|c by Dorothea Brande.
|
| 264 |
|
1 |
|a New York :
|b Harcourt, Brace and company,
|c [1934]
|
| 264 |
|
4 |
|c [©1934]
|
| 300 |
|
|
|a 6 pages ., 3-148 pages ;
|c 21 cm.
|
| 336 |
|
|
|a text
|b txt
|2 rdacontent
|
| 337 |
|
|
|a unmediated
|b n
|2 rdamedia
|
| 338 |
|
|
|a volume
|b nc
|2 rdacarrier
|
| 504 |
|
|
|a Bibliography: pages 147-148.
|
| 650 |
|
0 |
|a Fiction
|x Technique.
|
| 650 |
|
0 |
|a Authorship.
|
| 999 |
|
|
|a MARS
|
| 999 |
f |
f |
|s 6512b566-f355-3b7e-95b6-6227988245c6
|i 47544d0e-b03c-3f9a-8aa5-382ab61d6b39
|t 0
|
| 952 |
f |
f |
|p normal
|a Texas A&M University
|b College Station
|c Sterling C. Evans Library
|d Evans: Library Stacks
|t 0
|e PN3355 .B7
|h Library of Congress classification
|i unmediated -- volume
|m A14801198031
|
| 998 |
f |
f |
|a PN3355 .B7
|t 0
|l Evans: Library Stacks
|